| 000 | 00573nam a22001937a 4500 | ||
|---|---|---|---|
| 005 | 20251108165207.0 | ||
| 008 | 250721s1982 xx 000 0 ara d | ||
| 082 | 1 | 4 | _a591.1/نال |
| 100 | 1 | _aنالبندوف، اى . في | |
| 245 | 1 | 0 | _aفسلجة تناسل اللبائن و الطيور / |
| 250 | _aط3 | ||
| 264 | 1 |
_aالبصرة : _bجامعة البصرة، _c1982. |
|
| 300 | _a424ص : مص | ||
| 650 | 1 | 7 | _aالحيوانات |
| 650 | 1 | 7 | _aالفسيولوجيا |
| 700 | 1 |
_aال طه، طه جاسم _eترجمة |
|
| 942 |
_2ddc _cBK |
||
| 999 |
_c21780 _d21780 |
||